| 000 | 00905nam a2200265 i 4500 | ||
|---|---|---|---|
| 001 | 000048831 | ||
| 003 | DO-SdBNP | ||
| 005 | 20241121141801.0 | ||
| 007 | ta | ||
| 008 | 190415s2016 dr ac 000 0 spa d | ||
| 020 | _a9789945598018 | ||
| 040 |
_aDO-SdBNP _bspa _cBNPHU _erda |
||
| 082 |
_axxxx _bE77r _222 |
||
| 100 | 1 |
_aEspinola, Ramón Emilio _976287 _eautor _4aut. |
|
| 245 | 1 | 0 |
_aRemembranzas : _bcrónicas de la ocupación 1916-1924 : la era de los Estados Unidos / _cRamón Emilio Espínola. |
| 264 | 4 |
_aSanto Domingo : _bArgos, _c©2016. |
|
| 300 |
_a158 páginas _bilustraciones, retratos. ; _c23 cm. |
||
| 336 |
_atexto _btxt _2rdacontent |
||
| 337 |
_asin mediación _bn _2rdamedia |
||
| 338 |
_avolumen _bnc _2rdacarrier |
||
| 500 | _aIncluye datos biográficos del autor en la contracubierta. | ||
| 504 | _aBibliografía : p. 154-156 | ||
| 590 | _aInventariado, 2019/LP | ||
| 942 |
_2ddc _cLBS1 |
||
| 999 |
_c48319 _d48319 |
||